Technician unit 11: Drafting financial statements: for assessment in December 2004 and June 2005. (Record no. 2966)

MARC details
005 - DATE AND TIME OF LATEST TRANSACTION
control field 20250602085905.0
020 ## - INTERNATIONAL STANDARD BOOK NUMBER
International Standard Book Number 0-7517-1611-1
082 ## - DEWEY DECIMAL CLASSIFICATION NUMBER
Classification number LECT 657.3 AAT
111 ## - MAIN ENTRY--MEETING NAME
Meeting name or jurisdiction name as entry element AAT
245 ## - TITLE STATEMENT
Title Technician unit 11: Drafting financial statements: for assessment in December 2004 and June 2005.
260 ## - PUBLICATION, DISTRIBUTION, ETC.
Place of publication, distribution, etc. London,
Name of publisher, distributor, etc. BPP professional education,
Date of publication, distribution, etc. 2004.
300 ## - PHYSICAL DESCRIPTION
Extent xvi, 212p.: ill.; picture, table.
Dimensions 30cm.
856 ## - ELECTRONIC LOCATION AND ACCESS
Link text Access online book
Electronic name Technician unit 11: Drafting financial statements: for assessment in December 2004 and June 2005.
Path www.bpp.com
942 ## - ADDED ENTRY ELEMENTS (KOHA)
Source of classification or shelving scheme Dewey Decimal Classification
Koha item type Books
Holdings
Date last seen Total checkouts Full call number Barcode Cost, replacement price Price effective from Koha item type Lost status Source of classification or shelving scheme Damaged status Not for loan Withdrawn status Home library Current library Shelving location Date acquired Cost, normal purchase price
06/02/2025   LECT 657.3 AAT 00000010584 83655.00 06/02/2025 Books   Dewey Decimal Classification       College of Business Education Main Library College of Business Education Main Library General Collection 11/01/2006 27885.00